000 01716nam a2200481 a 4500
008 110830s2010 ag a f |||| 001 0 spa d
020 _a9789871259373
041 _aspa
092 _c616.5
_l47
_sLAR
100 1 _aLarralde, Margarita
_91715
245 _aDermatología pediátrica /
_cMargarita Larralde
250 _a2a ed.
260 _aBuenos Aires:
_bJournal;
_c2010.
300 _a680 p.
_c28x20 cm.
_eSuplemento: Enfermedades de la Mucosa
500 _aLarralde, M., Abad, E. y Luna, P. (2010). Dermatología pediátrica. (2a ed.). Buenos Aires : Journal.
590 _aProyecto PROMED, Junio 2012
653 _aGeneralidades de la piel
653 _aEnfermedades neonatales
653 _aGenodermatosis
653 _aPatología infecciosa
653 _aTrastornos y lesiones facticios
653 _aDermatosis fotosensible
653 _aEnfermedades de la mucosa
653 _aEnfermedades pigmentarias
653 _aPatología de anexos
653 _aAcné y enfermedades relacionadas
653 _aDermatosis reactivas
653 _aInfiltraciones cutáneas
653 _aEnfermedades ampollares adquiridas
653 _aPatología reaccional
653 _aPatología tumoral
653 _aPatología de la línea media
653 _aLesiones vasculares
653 _aColagenopatías
653 _aEnfermedades de la dermis y tejido celular subcutáneo
653 _aManifestaciones cutaneas de enfermedades endorinas, metabólicas y nutricionales
653 _aNevos
653 _aRelación médico-paciente
653 _aTerapéutica dermatológica tópica y sistémica
700 1 _aAbad, Eugenia
_91716
700 1 _aLuna, Paula
_91717
942 _2ddc
_cBK
999 _c1037
_d1037